000 00223nam a22000857a 4500
008 161228b xxu||||| |||| 00| 0 eng d
100 _92210
_aGupta.V
245 _aintreactive Computer Science-8
260 _aNew Delhi
_bEncylo
_c2011
999 _c5098
_d5098